000 00856nam a2200229 a 4500
003 BD-DhJNU
005 20250903083355.0
008 200615e201912 bg b 001 0 eng
020 _a9789845062756
040 _aBD-DhJNU
_bENG
_cBD-DhJNU
_dBD-DhJNU
082 0 0 _a332.11095492 RAI
_223
100 1 _aRashid, Lila,
_eauthor.
245 1 0 _aInstitutionalising microfinance in Bangladesh :
_bplayers, games & outcomes /
_cLila Rashid.
264 1 _aDhaka, Bangladesh :
_bUniversity Press Limited,
_cDecember 2019.
300 _axxvi, 359 pages ;
_c22 cm
504 _aIncludes bibliographical references (pages 327-352) and index.
650 0 _aMicrofinance
_zBangladesh.
650 0 _aFinancial institutions
_zBangladesh.
650 0 _aBanks and banking
_xState supervision
_zBangladesh.
651 0 _aBangladesh
_xEconomic policy
_y21st century.
942 _cBK
999 _c2076
_d2076